00924nam a2200253 a 450000100060000000300080000600500170001400800410003103500190007204000350009104100080012608200220013410000360015624500720019226000420026430000200030650400360032660000390036261000320040165100580043394200120049199900170050395201500052064009BD-RjUL20211209081248.0170208s1962 enk 001 0 eng d a(BD-RjUL)64139 aBD-RjULbengcBD-RjULdBD-RjUL aeng a954.031bEMC 19621 aEmbree, Ainslie Thomas.919011210aCharles Grant and British rule in India /cby Ainslie Thomas Embree aLondon :bGeorge Allen & Unwin,c1962 a320 p. ;c23 cm aIncludes bibliography and index10aGrant, Charles,d1746-1823919011320aEast India Company.9170596 0aIndiaxHistoryyBritish occupation, 1765-19479171367 2ddccBK c64009d64009 00102ddc40718NFICaRUCLbRUCLcReadingd1965-03-17eBook Centre, Lahoreg31.50l0o954.031 EMC 1962r2017-02-08 00:00:00tC-1w2017-02-08yBK